Visualizzazione normale
Vista MARC
- De Lucia Paco
di Personal Name
Records bibliografici associati: 2
001 - CONTROL NUMBER
- control field: 22744
003 - CONTROL NUMBER IDENTIFIER
- control field: IT-RoPau
005 - DATE AND TIME OF LATEST TRANSACTION
- control field: 20140429090738.0
008 - FIXED-LENGTH DATA ELEMENTS
- fixed length control field: 140429|| aca||aabn | a|a d
040 ## - CATALOGING SOURCE
- Original cataloging agency: IT-RoPau
- Transcribing agency: IT-RoPau
100 ## - HEADING--PERSONAL NAME
- Personal name: De Lucia Paco
670 ## - SOURCE DATA FOUND
- Source citation: Work cat.: (IT-RoPau)100409: De Lucia Paco, Siroco (Lp Polygram 830 913-1)